Statistics for Scramble Λέξεων - Λαχανικά 🥕

Click here to take the quiz!

General Stats

  • This quiz has been taken 134 times
  • The average score is 13 of 20

Answer Stats

ScrambleΛαχανικό% Correct
σροοκδΣκόρδο
87%
κουθιολκΚολοκύθι
87%
χλααονΛάχανο
82%
τααταπΠατάτα
82%
μμδιευρκΚρεμμύδι
74%
τροοακΚαρότο
73%
μνεολιΛεμόνι
71%
πριαεπιΠιπεριά
71%
μλριοαυΜαρούλι
68%
λνιοεσΣέλινο
68%
σαρποΠράσο
67%
γριουαγΑγγούρι
64%
μττανοαΝτομάτα
64%
κλαακιοπμΚαλαμπόκι
64%
οκλορπμοΜπρόκολο
53%
ζνλμααειτΜελιτζάνα
52%
ρνικγαααΑγκινάρα
51%
ζτααριπνΠαντζάρι
45%
γραγασπιΣπαράγγι
33%
πρακιαανΡαπανάκι
28%

Score Distribution

Percentile by Number Answered

Percent of People with Each Score

Your Score History

You have not taken this quiz